000 01001nmm a2200289 a 4500
001 ocm000754725
003 TR-IsHL
005 20201028152811.0
008 150709s2004 tu tur
007 cr cn
020 _a9789756689431
035 _a754725
_b(N$T)
050 0 4 _aK100
_b.H85 2004
090 0 4 _aK100
_b.H85 2004
245 1 0 _aHukuk öğretimi ve hukukçunun eğitimi: uluslararası toplantı, 9-10-11 Ocak 2003
_h[electronic resource] /
_chaz. Türkiye Barolar Birliği
260 _aAnkara :
_bTürkiye Barolar Birliği,
_c2004
300 _a302 p.
650 4 _aHukuk
650 4 _aLaw
650 0 _aHukuk
_x Türkiye
_x Kongreler
650 0 _aLaw
_x Turkey
_x Congresses
650 0 _aHukuk
_x Öğrenim ve Öğretim
650 0 _aLaw
_x Study and Teaching
650 7 _aLAW / Educational Law & Legislation
_2bisacsh
700 1 _aTürkiye Barolar Birliği
856 4 0 _uhttp://search.ebscohost.com/login.aspx?direct=true&scope=site&db=e011xww&AN=754725
999 _c11716
_d11716